000 00353nam a2200145Ia 4500
008 221030s9999 xx 000 0 und d
020 _a8126519903
041 _aEnglish
100 _aR. Shanmugham
245 0 _aFinancial Services
_cby R. Shanmugham
260 _bWilley Pub.
_aNew Delhi
_c2014
300 _a274
650 _aManagement
942 _cBK
999 _c15769
_d15769